Every NHL Vancouver Canucks Goal Scorer 2024-2025 - Statistics

General Stats
  • This quiz has been taken 49 times
  • The average score is 19 of 30
Answer Stats
Player % Correct
Elias Pettersson
100%
Elias Pettersson
100%
Quinn Hughes
100%
Marcus Pettersson
98%
Brock Boeser
95%
Conor Garland
86%
J.T. Miller
86%
Filip Hronek
79%
Jake DeBrusk
72%
Nils Hoglander
72%
Kiefer Sherwood
70%
Teddy Blueger
70%
Tyler Myers
70%
Pius Suter
63%
Aatu Raty
60%
Arshdeep Bains
58%
Dakota Joshua
58%
Derek Forbort
58%
Filip Chytil
53%
Linus Karlsson
49%
Nils Aman
49%
Jonathan Lekkerimaki
47%
Max Sasson
47%
Victor Mancini
47%
Danton Heinen
42%
Drew O'Connor
40%
Carson Soucy
37%
Erik Brannstrom
23%
Daniel Sprong
21%
Phil Di Giuseppe
21%
No matching quizzes found
Score Distribution
Percent of People with Each Score
Percentile by Number Answered
Your Score History
You have not taken this quiz